000 00452nam a2200193Ia 4500
003 OSt
005 20260107160252.0
008 210210b1993 xxu||||| |||| 00| 0 eng d
040 _cAL
041 _aeng
082 _a820.33 RAOO
100 _aRaja Rao
_9250638
245 _aOn the ganga ghat
260 _aNew Delhi
_bOrient Paperbacks
_c1993
300 _a128p
690 _aIndian English Fiction
_9250639
906 _a047728
942 _2ddc
_cBK
999 _c96919
_d96919